INTRODUCTION TO C++ PROGRAMMING (Record no. 216313)

MARC details
000 -LEADER
fixed length control field 00417nam a22001577a 4500
008 - FIXED-LENGTH DATA ELEMENTS--GENERAL INFORMATION
fixed length control field 251128b |||||||| |||| 00| 0 eng d
020 ## - INTERNATIONAL STANDARD BOOK NUMBER
International Standard Book Number 0-13-232049-5
100 ## - MAIN ENTRY--PERSONAL NAME
Personal name LIANG, Y DANIEL
245 ## - TITLE STATEMENT
Title INTRODUCTION TO C++ PROGRAMMING
260 ## - PUBLICATION, DISTRIBUTION, ETC.
Place of publication, distribution, etc. NEW JERSY
Name of publisher, distributor, etc. PEARSON PRENTICE HALL
Date of publication, distribution, etc. 2007
300 ## - PHYSICAL DESCRIPTION
Extent XVII47P.:ILL
500 ## - GENERAL NOTE
General note INCLUDES INDEX
650 ## - SUBJECT ADDED ENTRY
Topical term or geographic name entry element PROGRAMMING
942 ## - ADDED ENTRY ELEMENTS (KOHA)
Source of classification or shelving scheme Library of Congress Classification
Koha item type Long Loan Book
Holdings
Withdrawn status Lost status Source of classification or shelving scheme Damaged status Not for loan Collection Home library Current library Shelving location Date acquired Inventory number Total checkouts Full call number Barcode Date last seen Date last checked out Copy number Price effective from Koha item type
    Library of Congress Classification     Science & Technology Kisii University Library Kisii University Library On Display 11/28/2025 88824 1 QA 76.73 .L53 2007 033438 12/02/2025 11/28/2025 1 11/28/2025 Long Loan Book